书目信息 |
| 题名: |
实验室教学仪器设备安全标准汇编
|
|
| 作者: | ;中国质检出版社 编 | |
| 分册: | 下 仪器和零部件卷 | |
| 出版信息: | 北京 中国标准出版社 2011 |
|
| 页数: | 1022页 | |
| 开本: | 30cm | |
| 丛书名: | ||
| 单 册: | ||
| 中图分类: | G482-65 | |
| 科图分类: | ||
| 主题词: | 实验室设备--教学仪器--设备安全--国家标准--中国--汇编 | |
| 电子资源: | ||
| ISBN: | 978-7-5066-6334-2 | |
| 000 | 00997nam0 2200229 450 | |
| 001 | 012001002926 | |
| 005 | 20191209161403.42 | |
| 010 | @a978-7-5066-6334-2@dCNY310.00 | |
| 100 | @a20111010d2011 em y0chiy0110 ea | |
| 101 | 0 | @achi |
| 102 | @aCN@b110000 | |
| 105 | @ay l 000yy | |
| 106 | @ar | |
| 200 | 1 | @a实验室教学仪器设备安全标准汇编@9shi yan shi jiao xue yi qi she bei an quan biao zhun hui bian@i仪器和零部件卷@h下@f中国质检出版社第五编辑室编 |
| 210 | @a北京@c中国标准出版社@c中国质检出版社@d2011 | |
| 215 | @a1022页@d30cm | |
| 330 | @a本书以GB 21748-2008中规范性引用文件为基础,汇集了截至2011年4月底批准发布的与教学仪器设备中仪器和零部件基本要求方面相关的国家标准30项,内容包括电离辐射、电器安全、信息技术设备的安全要求、机械性能要求等。 | |
| 606 | 0 | @a实验室设备@x教学仪器@x设备安全@x国家标准@y中国@j汇编 |
| 690 | @aG482-65@v4 | |
| 711 | 02 | @a中国质检出版社@9zhong guo zhi jian chu ban she@b第五编辑室@4编 |
| 801 | 0 | @aCN@b江苏凤凰@c20191020 |
| 905 | @b1224292-3@dG482-65@e11:2@f2 | |
| 实验室教学仪器设备安全标准汇编.仪器和零部件卷.下/中国质检出版社第五编辑室编.-北京:中国标准出版社:中国质检出版社,2011 |
| 1022页;30cm |
| ISBN 978-7-5066-6334-2:CNY310.00 |
| 本书以GB 21748-2008中规范性引用文件为基础,汇集了截至2011年4月底批准发布的与教学仪器设备中仪器和零部件基本要求方面相关的国家标准30项,内容包括电离辐射、电器安全、信息技术设备的安全要求、机械性能要求等。 |
| ● |
| 相关链接 |
|
|
|
|
正题名:实验室教学仪器设备安全标准汇编
索取号:G482-65/11:2
 
预约/预借
| 序号 | 登录号 | 条形码 | 馆藏地/架位号 | 状态 | 备注 |
| 1 | 1224292 | 212242928 | 第一样本阅览室/ [索取号:G482-65/11:2] | 在馆 | |
| 2 | 1224293 | 212242937 | 第四借阅区/ [索取号:G482-65/11:2] | 在馆 |